| 000 | 01088nam a2200325 a 4500 | ||
|---|---|---|---|
| 001 | 77107 | ||
| 003 | BD-RjUL | ||
| 005 | 20211209082927.0 | ||
| 008 | 200225s1991 nyuaf b 001 0 eng d | ||
| 020 | _a0029465680 (International Edition) (V-2) | ||
| 035 | _a(BD-RjUL)77331 | ||
| 040 |
_aDNLM/DLC _cDLC _dOCL _dBD-RjUL _beng |
||
| 041 | _aeng | ||
| 060 | 0 | _aQV 4 G653p | |
| 082 | 0 | 0 |
_a615.7 _223 _bPHA V-1-2 1991 |
| 245 | 0 | 0 |
_aGoodman and Gilman's The pharmacological basis of therapeutics / _ceditors: Alfred Goodman Gilman ... [et al.] |
| 246 | _aPharmacological basis of therapeutics | ||
| 250 | _a8th ed. , Maxwell Macmillan International ed. | ||
| 260 |
_aNew York ; _bPergamon Press, _cc1991 |
||
| 300 |
_a v. : _bill.; _c27 cm. |
||
| 500 | _a"In Two volumes' | ||
| 504 | _aIncludes bibliographical reference and index. | ||
| 505 | _aVol. 2 -- | ||
| 650 | 0 |
_aChemotherapy. _945640 |
|
| 650 | 0 |
_aPharmacology. _945641 |
|
| 650 | 0 |
_aChemotherapy. _945642 |
|
| 700 |
_aGilman, Alfred Goodman ... [et al.], ed, _9239774 |
||
| 942 |
_2ddc _cBK |
||
| 999 |
_c77107 _d77107 |
||